[Event "Druzheskij Blitz (3+2) turnir ¹3 na Iristonskoj 06.10.2019g."]
[Site "VLADIKAVKAZ"]
[Date "2019.10.06"]
[Round "1.1"]
[White "Gaboev, Batraz"]
[Black "Morozov, Vadim"]
[Result "1-0"]
[TimeControl "3' + 2\""]
[WhiteElo "1987"]
[BlackElo "1870"]

1. d4 {[%emt 00:20:46]} d5 2. Nf3 {[%clk 00:03:02]} {[%emt 00:00:01]} Nf6
{[%clk 00:03:02]} 3. c4 {[%clk 00:03:02]} {[%emt 00:00:03]} c6 {[%clk
00:03:02]} {[%emt 00:00:01]} 4. g3 {[%clk 00:03:02]} {[%emt 00:00:02]} Bg4
{[%clk 00:03:02]} {[%emt 00:00:08]} 5. Ne5 {[%clk 00:03:02]} {[%emt 00:00:05]}
Bh5 {[%clk 00:03:02]} {[%emt 00:00:03]} 6. Bg2 {[%clk 00:03:02]} {[%emt
00:00:03]} e6 {[%clk 00:03:02]} {[%emt 00:00:02]} 7. O-O {[%clk 00:03:02]}
{[%emt 00:00:03]} Bd6 {[%clk 00:03:02]} {[%emt 00:00:02]} 8. h3 {[%clk
00:03:02]} {[%emt 00:00:18]} Bxe5 {[%clk 00:03:02]} {[%emt 00:00:13]} 9. dxe5
{[%clk 00:03:02]} {[%emt 00:00:01]} Nfd7 {[%clk 00:03:02]} {[%emt 00:00:01]} 10.
f4 {[%clk 00:03:02]} {[%emt 00:00:18]} Qb6+ {[%clk 00:03:02]} {[%emt 00:00:16]}
11. Kh2 {[%clk 00:03:02]} {[%emt 00:00:02]} Bg6 {[%clk 00:02:58]} {[%emt
00:00:13]} 12. Nc3 {[%clk 00:03:02]} {[%emt 00:00:03]} h5 {[%clk 00:02:38]}
{[%emt 00:00:21]} 13. e4 {[%clk 00:02:57]} {[%emt 00:00:08]} dxe4 {[%clk
00:02:29]} {[%emt 00:00:10]} 14. Nxe4 {[%clk 00:02:45]} {[%emt 00:00:14]} O-O
{[%clk 00:02:03]} {[%emt 00:00:28]} 15. Qe2 {[%clk 00:02:29]} {[%emt 00:00:17]}
Qc7 {[%clk 00:01:47]} {[%emt 00:00:18]} 16. Kh1 {[%clk 00:02:11]} {[%emt
00:00:20]} Na6 {[%clk 00:01:47]} {[%emt 00:00:03]} 17. a3 {[%clk 00:02:11]}
{[%emt 00:00:02]} Nac5 {[%clk 00:01:42]} {[%emt 00:00:07]} 18. b4 {[%clk
00:02:05]} {[%emt 00:00:07]} Nxe4 {[%clk 00:01:42]} {[%emt 00:00:02]} 19. Bxe4
{[%clk 00:02:07]} Bxe4+ {[%clk 00:01:38]} {[%emt 00:00:07]} 20. Qxe4 {[%clk
00:02:08]} g6 {[%clk 00:01:37]} {[%emt 00:00:05]} 21. Bb2 {[%clk 00:02:06]}
{[%emt 00:00:04]} Rad8 {[%clk 00:01:20]} {[%emt 00:00:18]} 22. Rad1 {[%clk
00:02:01]} {[%emt 00:00:08]} Nb6 {[%clk 00:01:15]} {[%emt 00:00:07]} 23. Rd6
{[%clk 00:01:39]} {[%emt 00:00:24]} Nc8 {[%clk 00:01:02]} {[%emt 00:00:15]} 24.
c5 {[%clk 00:01:37]} {[%emt 00:00:04]} Ne7 {[%clk 00:00:47]} {[%emt 00:00:18]}
25. g4 {[%clk 00:01:37]} {[%emt 00:00:01]} hxg4 {[%clk 00:00:41]} {[%emt
00:00:08]} 26. hxg4 {[%clk 00:01:38]} Nd5 {[%clk 00:00:25]} {[%emt 00:00:18]}
27. f5 {[%clk 00:01:37]} {[%emt 00:00:04]} exf5 {[%clk 00:00:05]} {[%emt
00:00:22]} 28. gxf5 {[%clk 00:01:38]} Qc8 {[%clk 00:00:03]} {[%emt 00:00:05]}
29. e6 {[%clk 00:01:32]} {[%emt 00:00:07]} f6 {[%clk 00:00:03]} {[%emt
00:00:02]} 30. Qg4 {[%clk 00:00:39]} {[%emt 00:00:53]} g5 {[%clk 00:00:04]}
{[%emt 00:00:02]} 31. Qh5 {[%clk 00:00:40]} Qc7 {[%clk 00:00:05]} {[%emt
00:00:01]} 32. Qg6+ {[%clk 00:00:34]} {[%emt 00:00:08]} Qg7 {[%clk 00:00:06]}
33. Qxg7+ {[%emt 00:00:17]} Kxg7 34. Re1 {[%clk 00:00:19]} {[%emt 00:00:01]}
Rh8+ {[%clk 00:00:08]} {[%emt 00:00:02]} 35. Kg1 {[%clk 00:00:19]} {[%emt
00:00:02]} Rde8 {[%clk 00:00:07]} {[%emt 00:00:04]} 36. b5 {[%clk 00:00:17]}
{[%emt 00:00:04]} Rh4 {[%clk 00:00:06]} {[%emt 00:00:03]} 37. bxc6 {[%clk
00:00:16]} {[%emt 00:00:03]} bxc6 {[%clk 00:00:07]} {[%emt 00:00:01]} 38. Rxc6
{[%clk 00:00:17]} {[%emt 00:00:02]} Re7 {[%clk 00:00:06]} {[%emt 00:00:03]} 39.
Rd6 {[%clk 00:00:16]} {[%emt 00:00:03]} Nf4 {[%clk 00:00:06]} {[%emt 00:00:02]}
40. Rd7 {[%clk 00:00:14]} {[%emt 00:00:04]} Kf8 {[%clk 00:00:06]} {[%emt
00:00:03]} 41. c6 {[%clk 00:00:13]} {[%emt 00:00:02]} Rg4+ {[%clk 00:00:06]}
{[%emt 00:00:02]} 42. Kf2 {[%clk 00:00:13]} {[%emt 00:00:02]} Rxd7 {[%clk
00:00:07]} {[%emt 00:00:02]} 43. exd7 {[%clk 00:00:14]} {[%emt 00:00:02]} Nd3+
{[%clk 00:00:07]} {[%emt 00:00:02]} 44. Kf1 {[%clk 00:00:11]} {[%emt 00:00:04]}
Rf4+ {[%clk 00:00:08]} {[%emt 00:00:01]} 45. Kg1 {[%clk 00:00:10]} {[%emt
00:00:03]} Rg4+ {[%clk 00:00:09]} {[%emt 00:00:01]} 46. Kf1 {[%clk 00:00:08]}
{[%emt 00:00:03]} Rf4+ {[%clk 00:00:10]} {[%emt 00:00:01]} 47. Ke2 {[%clk
00:00:09]} 1-0

[Event "Druzheskij Blitz (3+2) turnir ¹3 na Iristonskoj 06.10.2019g."]
[Site "VLADIKAVKAZ"]
[Date "2019.10.06"]
[Round "1.2"]
[White "Basiev, Valeriy P."]
[Black "Storozhenko, Mihail"]
[Result "1-0"]
[TimeControl "3' + 2\""]
[WhiteElo "2002"]
[BlackElo "1061"]

1. c4 {[%clk 00:03:01]} {[%emt 00:00:02]} e5 {[%clk 00:03:02]} {[%emt
00:00:03]} 2. Nf3 {[%clk 00:03:02]} {[%emt 00:00:02]} Nc6 {[%clk 00:03:02]}
{[%emt 00:00:02]} 3. d4 {[%clk 00:03:02]} {[%emt 00:00:02]} exd4 {[%clk
00:02:52]} {[%emt 00:00:12]} 4. Nxd4 {[%clk 00:03:02]} {[%emt 00:00:01]} Nxd4
{[%clk 00:02:53]} {[%emt 00:00:02]} 5. Qxd4 {[%clk 00:03:02]} {[%emt 00:00:02]}
Nf6 {[%clk 00:02:46]} {[%emt 00:00:09]} 6. Nc3 {[%clk 00:03:02]} {[%emt
00:00:02]} b6 {[%clk 00:02:42]} {[%emt 00:00:07]} 7. e4 {[%clk 00:02:50]}
{[%emt 00:00:13]} Bc5 {[%clk 00:02:41]} {[%emt 00:00:03]} 8. Qd3 {[%clk
00:02:38]} {[%emt 00:00:13]} O-O {[%clk 00:02:37]} {[%emt 00:00:07]} 9. Be2
{[%clk 00:02:31]} {[%emt 00:00:09]} Bb7 {[%clk 00:02:37]} {[%emt 00:00:02]} 10.
O-O {[%clk 00:02:30]} {[%emt 00:00:03]} Re8 {[%clk 00:02:26]} {[%emt 00:00:13]}
11. Bf3 {[%clk 00:02:21]} {[%emt 00:00:11]} Re7 {[%clk 00:02:00]} {[%emt
00:00:28]} 12. Bg5 {[%clk 00:02:18]} {[%emt 00:00:05]} Qf8 {[%clk 00:01:41]}
{[%emt 00:00:22]} 13. Rae1 {[%clk 00:01:49]} {[%emt 00:00:30]} Rae8 {[%clk
00:01:42]} {[%emt 00:00:02]} 14. a3 {[%clk 00:01:36]} {[%emt 00:00:15]} h6
{[%clk 00:01:16]} {[%emt 00:00:28]} 15. Bf4 {[%clk 00:01:21]} {[%emt 00:00:16]}
d6 {[%clk 00:01:00]} {[%emt 00:00:19]} 16. b4 {[%clk 00:01:20]} {[%emt
00:00:03]} Bxf2+ {[%clk 00:00:47]} {[%emt 00:00:16]} 17. Rxf2 {[%clk 00:01:19]}
{[%emt 00:00:03]} g5 {[%clk 00:00:23]} {[%emt 00:00:26]} 18. Bc1 {[%clk
00:01:00]} {[%emt 00:00:20]} c6 {[%clk 00:00:04]} {[%emt 00:00:21]} 19. Qxd6
{[%clk 00:00:50]} {[%emt 00:00:12]} Rd8 {[%clk 00:00:00]} {[%emt 00:00:04]} 1-0

[Event "Druzheskij Blitz (3+2) turnir ¹3 na Iristonskoj 06.10.2019g."]
[Site "VLADIKAVKAZ"]
[Date "2019.10.06"]
[Round "1.3"]
[White "Hortiev, Alan"]
[Black "Tsamaladze, Pavel"]
[Result "1-0"]
[TimeControl "3' + 2\""]
[WhiteElo "1638"]
[BlackElo "1141"]

1. e4 {[%clk 00:03:02]} b6 {[%clk 00:03:04]} {[%emt 00:00:02]} 2. d4 {[%clk
00:03:03]} Bb7 {[%clk 00:03:05]} {[%emt 00:00:01]} 3. Bd3 {[%clk 00:03:01]}
{[%emt 00:00:03]} e6 {[%clk 00:03:05]} {[%emt 00:00:01]} 4. c4 {[%clk
00:03:01]} {[%emt 00:00:03]} Nf6 {[%clk 00:03:06]} {[%emt 00:00:01]} 5. Nc3
{[%clk 00:03:02]} {[%emt 00:00:02]} Be7 {[%clk 00:03:05]} {[%emt 00:00:02]} 6.
Nge2 {[%clk 00:03:02]} {[%emt 00:00:03]} O-O {[%clk 00:03:05]} 7. O-O {[%clk
00:03:03]} {[%emt 00:00:02]} d5 {[%clk 00:03:04]} {[%emt 00:00:03]} 8. e5
{[%clk 00:02:55]} {[%emt 00:00:10]} Nfd7 {[%clk 00:03:03]} {[%emt 00:00:03]} 9.
cxd5 {[%clk 00:02:48]} {[%emt 00:00:08]} exd5 {[%clk 00:02:56]} {[%emt
00:00:09]} 10. f4 {[%clk 00:02:46]} {[%emt 00:00:05]} c5 {[%clk 00:02:57]}
{[%emt 00:00:01]} 11. Be3 {[%clk 00:02:23]} {[%emt 00:00:24]} Re8 {[%clk
00:02:43]} {[%emt 00:00:16]} 12. f5 {[%clk 00:02:20]} {[%emt 00:00:06]} cxd4
{[%clk 00:02:37]} {[%emt 00:00:08]} 13. Bxd4 {[%clk 00:02:20]} {[%emt
00:00:01]} Bc5 {[%clk 00:02:36]} {[%emt 00:00:03]} 14. f6 {[%clk 00:02:09]}
{[%emt 00:00:14]} Bxd4+ {[%clk 00:02:27]} {[%emt 00:00:12]} 15. Nxd4 {[%clk
00:02:10]} Nxe5 {[%clk 00:02:11]} {[%emt 00:00:18]} 16. fxg7 {[%clk 00:02:03]}
{[%emt 00:00:09]} Kxg7 {[%clk 00:01:35]} {[%emt 00:00:37]} 17. Bc2 {[%clk
00:01:49]} {[%emt 00:00:16]} Nbc6 {[%clk 00:01:22]} {[%emt 00:00:16]} 18. Nf5+
{[%clk 00:01:45]} {[%emt 00:00:06]} Kh8 {[%clk 00:01:18]} {[%emt 00:00:05]} 19.
Qh5 {[%clk 00:01:42]} {[%emt 00:00:05]} Ng6 {[%clk 00:00:56]} {[%emt 00:00:25]}
20. Nh6 {[%clk 00:01:30]} {[%emt 00:00:14]} Nce5 {[%clk 00:00:49]} {[%emt
00:00:09]} 21. Rae1 {[%clk 00:01:25]} {[%emt 00:00:07]} Qc7 {[%clk 00:00:13]}
{[%emt 00:00:38]} 22. Rxe5 {[%clk 00:00:58]} {[%emt 00:00:29]} Nxe5 {[%clk
00:00:04]} {[%emt 00:00:11]} 23. Qf5 {[%clk 00:00:35]} {[%emt 00:00:24]} Ng6
{[%clk 00:00:00]} {[%emt 00:00:05]} 24. Nxf7+ {[%clk 00:00:35]} {[%emt
00:00:05]} 1-0

[Event "Druzheskij Blitz (3+2) turnir ¹3 na Iristonskoj 06.10.2019g."]
[Site "VLADIKAVKAZ"]
[Date "2019.10.06"]
[Round "1.4"]
[White "Agkatsev, Felix A"]
[Black "Basiev, Georgiy"]
[Result "0-1"]
[TimeControl "3' + 2\""]
[WhiteElo "1583"]
[BlackElo "1424"]

1. Nf3 {[%clk 00:03:03]} {[%emt 00:08:47]} Nf6 2. g3 {[%emt 00:00:01]} g6 3.
Bg2 Bg7 {[%clk 00:03:06]} 4. O-O {[%clk 00:03:06]} {[%emt 00:00:02]} O-O {[%clk
00:03:04]} {[%emt 00:00:03]} 5. c4 {[%clk 00:03:08]} {[%emt 00:00:01]} d6
{[%clk 00:03:05]} {[%emt 00:00:01]} 6. Nc3 {[%clk 00:03:08]} {[%emt 00:00:01]}
e5 {[%clk 00:03:06]} {[%emt 00:00:01]} 7. d4 {[%clk 00:03:09]} {[%emt
00:00:01]} Re8 {[%clk 00:02:52]} {[%emt 00:00:15]} 8. dxe5 {[%clk 00:03:04]}
{[%emt 00:00:07]} dxe5 {[%clk 00:02:48]} {[%emt 00:00:06]} 9. Qxd8 {[%clk
00:03:03]} {[%emt 00:00:04]} Rxd8 {[%clk 00:02:48]} 10. Nxe5 {[%clk 00:03:04]}
{[%emt 00:00:02]} c6 {[%clk 00:02:31]} {[%emt 00:00:19]} 11. Bg5 {[%clk
00:02:56]} {[%emt 00:00:10]} Re8 {[%clk 00:02:26]} {[%emt 00:00:07]} 12. Nd3
{[%clk 00:02:49]} {[%emt 00:00:09]} Be6 {[%clk 00:02:24]} {[%emt 00:00:04]} 13.
c5 {[%clk 00:02:25]} {[%emt 00:00:26]} h6 {[%clk 00:02:23]} {[%emt 00:00:03]}
14. Bxf6 {[%clk 00:02:18]} {[%emt 00:00:10]} Bxf6 {[%clk 00:02:23]} 15. Ne4
{[%clk 00:02:19]} Be7 {[%clk 00:02:18]} {[%emt 00:00:09]} 16. Nf4 {[%clk
00:02:08]} {[%emt 00:00:13]} Bf5 {[%clk 00:02:10]} {[%emt 00:00:10]} 17. b4
{[%clk 00:02:03]} {[%emt 00:00:07]} Bxe4 {[%clk 00:01:58]} {[%emt 00:00:14]} 18.
Bxe4 {[%clk 00:02:04]} {[%emt 00:00:02]} Bf6 {[%clk 00:01:56]} {[%emt
00:00:04]} 19. f3 {[%clk 00:01:47]} {[%emt 00:00:20]} Bxa1 {[%clk 00:01:47]}
{[%emt 00:00:11]} 20. Rxa1 {[%clk 00:01:48]} Nd7 {[%clk 00:01:41]} {[%emt
00:00:08]} 21. Kf2 {[%clk 00:01:23]} {[%emt 00:00:27]} Nf6 {[%clk 00:01:40]}
{[%emt 00:00:03]} 22. Bd3 {[%clk 00:01:24]} g5 {[%clk 00:01:36]} {[%emt
00:00:05]} 23. Ng2 {[%clk 00:01:18]} {[%emt 00:00:08]} Nd5 {[%clk 00:01:33]}
{[%emt 00:00:04]} 24. a3 {[%clk 00:01:19]} {[%emt 00:00:03]} Rad8 {[%clk
00:01:31]} {[%emt 00:00:03]} 25. Rb1 {[%clk 00:01:02]} {[%emt 00:00:19]} a6
{[%clk 00:01:29]} {[%emt 00:00:04]} 26. Rb3 {[%clk 00:00:57]} {[%emt 00:00:07]}
Kg7 {[%clk 00:01:22]} {[%emt 00:00:08]} 27. a4 {[%clk 00:00:58]} Nc7 {[%clk
00:01:05]} {[%emt 00:00:20]} 28. Ne3 {[%clk 00:00:56]} {[%emt 00:00:05]} Nd5
{[%clk 00:00:31]} {[%emt 00:00:36]} 29. Nf5+ {[%clk 00:00:56]} {[%emt
00:00:02]} Kf6 {[%clk 00:00:28]} {[%emt 00:00:05]} 30. Nd6 {[%clk 00:00:57]}
{[%emt 00:00:02]} Re7 {[%clk 00:00:21]} {[%emt 00:00:09]} 31. e4 {[%clk
00:00:51]} {[%emt 00:00:09]} Nc7 {[%clk 00:00:19]} {[%emt 00:00:04]} 32. Nxb7
{[%clk 00:00:38]} {[%emt 00:00:15]} Red7 {[%clk 00:00:17]} {[%emt 00:00:04]} 33.
Nxd8 {[%clk 00:00:38]} {[%emt 00:00:02]} Rxd8 {[%clk 00:00:18]} {[%emt
00:00:02]} 34. Ke3 {[%clk 00:00:38]} {[%emt 00:00:01]} Ke5 {[%clk 00:00:17]}
{[%emt 00:00:03]} 35. f4+ {[%clk 00:00:37]} {[%emt 00:00:04]} gxf4+ {[%clk
00:00:15]} {[%emt 00:00:04]} 36. gxf4+ {[%clk 00:00:38]} Kf6 {[%clk 00:00:16]}
{[%emt 00:00:02]} 37. Bc4 {[%clk 00:00:35]} {[%emt 00:00:04]} Rd1 {[%clk
00:00:12]} {[%emt 00:00:06]} 38. e5+ {[%clk 00:00:16]} {[%emt 00:00:21]} Ke7
{[%clk 00:00:10]} {[%emt 00:00:03]} 39. Ke2 {[%clk 00:00:00]} {[%emt 00:00:18]}
Rh1 {[%clk 00:00:10]} {[%emt 00:00:02]} 0-1

[Event "Druzheskij Blitz (3+2) turnir ¹3 na Iristonskoj 06.10.2019g."]
[Site "VLADIKAVKAZ"]
[Date "2019.10.06"]
[Round "1.5"]
[White "Agkatsev, Albert A"]
[Black "Koraev, Kazbek"]
[Result "1-0"]
[TimeControl "3' + 2\""]
[WhiteElo "1725"]
[BlackElo "1755"]

1. e4 {[%clk 00:03:04]} {[%emt 00:35:23]} c5 {[%clk 00:03:02]} {[%emt
00:00:03]} 2. Nf3 {[%clk 00:03:05]} d6 {[%clk 00:03:02]} {[%emt 00:00:02]} 3.
d4 {[%clk 00:03:05]} {[%emt 00:00:02]} cxd4 {[%clk 00:03:02]} {[%emt 00:00:02]}
4. Nxd4 {[%clk 00:03:07]} Nf6 {[%clk 00:03:02]} {[%emt 00:00:02]} 5. Nc3 {[%clk
00:03:08]} Nc6 {[%clk 00:02:57]} {[%emt 00:00:07]} 6. Bc4 {[%clk 00:03:07]}
{[%emt 00:00:02]} a6 {[%clk 00:02:44]} {[%emt 00:00:15]} 7. Bb3 {[%clk
00:03:07]} {[%emt 00:00:02]} Qc7 {[%clk 00:02:37]} {[%emt 00:00:10]} 8. f3
{[%clk 00:02:58]} {[%emt 00:00:10]} e6 {[%clk 00:02:36]} {[%emt 00:00:03]} 9.
Be3 {[%clk 00:02:53]} {[%emt 00:00:07]} Be7 {[%clk 00:02:31]} {[%emt 00:00:07]}
10. Qe2 {[%clk 00:02:48]} {[%emt 00:00:06]} b5 {[%clk 00:02:22]} {[%emt
00:00:11]} 11. O-O-O {[%clk 00:02:39]} {[%emt 00:00:11]} O-O {[%clk 00:02:22]}
{[%emt 00:00:03]} 12. g4 {[%clk 00:02:27]} {[%emt 00:00:14]} Nxd4 {[%clk
00:02:14]} {[%emt 00:00:09]} 13. Bxd4 {[%clk 00:02:26]} {[%emt 00:00:03]} Nd7
{[%clk 00:02:14]} {[%emt 00:00:02]} 14. h4 {[%clk 00:02:07]} {[%emt 00:00:21]}
Nc5 {[%clk 00:02:06]} {[%emt 00:00:10]} 15. Rdg1 {[%clk 00:01:58]} {[%emt
00:00:11]} Bb7 {[%clk 00:01:40]} {[%emt 00:00:28]} 16. g5 {[%clk 00:01:44]}
{[%emt 00:00:16]} Nxb3+ {[%emt 00:00:13]} 17. axb3 {[%emt 00:00:01]} Rac8
{[%clk 00:01:29]} {[%emt 00:00:01]} 18. h5 {[%clk 00:01:43]} {[%emt 00:00:04]}
e5 {[%clk 00:01:18]} {[%emt 00:00:13]} 19. Be3 {[%clk 00:01:40]} {[%emt
00:00:06]} Rfd8 {[%clk 00:01:12]} {[%emt 00:00:08]} 20. g6 {[%clk 00:01:36]}
{[%emt 00:00:06]} fxg6 {[%clk 00:01:08]} {[%emt 00:00:06]} 21. hxg6 {[%clk
00:01:37]} h6 {[%clk 00:01:08]} {[%emt 00:00:03]} 22. Qd2 {[%clk 00:01:09]}
{[%emt 00:00:30]} d5 {[%clk 00:00:53]} {[%emt 00:00:17]} 23. exd5 {[%clk
00:00:53]} {[%emt 00:00:18]} b4 {[%clk 00:00:48]} {[%emt 00:00:07]} 24. Na4
{[%clk 00:00:43]} {[%emt 00:00:13]} Rxd5 {[%clk 00:00:48]} {[%emt 00:00:01]} 25.
Qe2 {[%clk 00:00:32]} {[%emt 00:00:12]} Rd7 {[%clk 00:00:41]} {[%emt 00:00:10]}
26. Nb6 {[%clk 00:00:28]} {[%emt 00:00:06]} Qc6 {[%clk 00:00:31]} {[%emt
00:00:12]} 27. Nxc8 {[%clk 00:00:25]} {[%emt 00:00:06]} Qxc8 {[%clk 00:00:31]}
{[%emt 00:00:01]} 28. Qc4+ {[%clk 00:00:15]} {[%emt 00:00:12]} Bd5 {[%clk
00:00:31]} {[%emt 00:00:03]} 29. Qxc8+ {[%clk 00:00:15]} {[%emt 00:00:02]} Rd8
{[%clk 00:00:23]} {[%emt 00:00:10]} 30. Qc7 {[%clk 00:00:13]} {[%emt 00:00:03]}
Bf6 {[%clk 00:00:17]} {[%emt 00:00:08]} 31. Bc5 {[%clk 00:00:05]} {[%emt
00:00:11]} Bxf3 {[%clk 00:00:12]} {[%emt 00:00:07]} 32. Rxh6 {[%clk 00:00:04]}
{[%emt 00:00:03]} Rf8 {[%clk 00:00:00]} {[%emt 00:00:14]} 1-0

[Event "Druzheskij Blitz (3+2) turnir ¹3 na Iristonskoj 06.10.2019g."]
[Site "VLADIKAVKAZ"]
[Date "2019.10.06"]
[Round "2.1"]
[White "Morozov, Vadim"]
[Black "Koraev, Kazbek"]
[Result "1/2-1/2"]
[TimeControl "3' + 2\""]
[WhiteElo "1870"]
[BlackElo "1755"]

1. c4 {[%clk 00:03:03]} {[%emt 00:01:59]} Nf6 {[%clk 00:03:02]} {[%emt
00:00:03]} 2. Nc3 {[%clk 00:03:04]} {[%emt 00:00:01]} e5 {[%clk 00:03:00]}
{[%emt 00:00:04]} 3. g3 {[%clk 00:03:05]} {[%emt 00:00:01]} d6 {[%clk
00:03:00]} {[%emt 00:00:02]} 4. Bg2 {[%clk 00:03:06]} {[%emt 00:00:01]} Be7
{[%clk 00:03:00]} {[%emt 00:00:02]} 5. e4 {[%clk 00:03:07]} c6 {[%clk
00:02:56]} {[%emt 00:00:06]} 6. Nge2 {[%clk 00:03:08]} O-O {[%clk 00:02:56]}
{[%emt 00:00:02]} 7. O-O {[%clk 00:03:09]} Nbd7 {[%clk 00:02:51]} {[%emt
00:00:08]} 8. Rb1 {[%clk 00:03:10]} a5 {[%clk 00:02:52]} {[%emt 00:00:01]} 9.
d3 {[%clk 00:03:11]} {[%emt 00:00:02]} Nc5 {[%clk 00:02:47]} {[%emt 00:00:07]}
10. b4 {[%clk 00:03:05]} {[%emt 00:00:08]} axb4 {[%clk 00:02:46]} {[%emt
00:00:03]} 11. Rxb4 {[%clk 00:03:06]} Bd7 {[%clk 00:02:30]} {[%emt 00:00:18]}
12. h3 {[%clk 00:02:52]} {[%emt 00:00:15]} Qc8 {[%clk 00:02:21]} {[%emt
00:00:11]} 13. Kh2 {[%clk 00:02:52]} {[%emt 00:00:02]} Ne8 {[%clk 00:02:19]}
{[%emt 00:00:05]} 14. Na4 {[%clk 00:02:52]} {[%emt 00:00:02]} Nxa4 {[%clk
00:02:13]} {[%emt 00:00:08]} 15. Rxa4 {[%clk 00:02:53]} {[%emt 00:00:01]} Nc7
{[%clk 00:01:58]} {[%emt 00:00:16]} 16. Be3 {[%clk 00:02:51]} {[%emt 00:00:04]}
Ne6 {[%clk 00:01:58]} {[%emt 00:00:02]} 17. d4 {[%clk 00:02:41]} {[%emt
00:00:12]} exd4 {[%clk 00:01:53]} {[%emt 00:00:07]} 18. Nxd4 {[%clk 00:02:41]}
{[%emt 00:00:02]} Nc5 {[%clk 00:01:50]} {[%emt 00:00:05]} 19. Rxa8 {[%clk
00:02:38]} {[%emt 00:00:05]} Qxa8 {[%clk 00:01:51]} {[%emt 00:00:02]} 20. Qd2
{[%clk 00:02:22]} {[%emt 00:00:17]} Qa4 {[%clk 00:01:50]} {[%emt 00:00:03]} 21.
Rc1 {[%clk 00:02:05]} {[%emt 00:00:19]} Ra8 {[%clk 00:01:50]} {[%emt 00:00:02]}
22. Rc2 {[%clk 00:01:57]} {[%emt 00:00:10]} Bf6 {[%clk 00:01:47]} {[%emt
00:00:06]} 23. Ne2 {[%clk 00:01:50]} {[%emt 00:00:09]} Be7 {[%clk 00:01:45]}
{[%emt 00:00:04]} 24. Bxc5 {[%clk 00:01:49]} {[%emt 00:00:03]} dxc5 {[%clk
00:01:38]} {[%emt 00:00:09]} 25. Rb2 {[%clk 00:01:44]} {[%emt 00:00:07]} Be6
{[%clk 00:01:37]} {[%emt 00:00:03]} 26. Rxb7 {[%clk 00:01:42]} {[%emt
00:00:04]} Bf6 {[%clk 00:01:32]} {[%emt 00:00:06]} 27. Qd6 {[%clk 00:01:38]}
{[%emt 00:00:06]} g6 {[%clk 00:01:24]} {[%emt 00:00:10]} 28. e5 {[%clk
00:01:32]} {[%emt 00:00:08]} Bg7 {[%clk 00:01:07]} {[%emt 00:00:19]} 29. Nf4
{[%clk 00:01:14]} {[%emt 00:00:19]} Qxc4 {[%clk 00:01:06]} {[%emt 00:00:04]} 30.
Rb8+ {[%clk 00:01:01]} {[%emt 00:00:15]} Rxb8 {[%clk 00:01:07]} {[%emt
00:00:02]} 31. Qxb8+ {[%clk 00:01:01]} {[%emt 00:00:01]} Bf8 {[%clk 00:01:08]}
32. Bxc6 {[%clk 00:00:53]} {[%emt 00:00:11]} Kg7 {[%clk 00:01:09]} {[%emt
00:00:01]} 33. Qd8 {[%clk 00:00:45]} {[%emt 00:00:09]} Qxa2 {[%clk 00:01:00]}
{[%emt 00:00:12]} 34. Qf6+ {[%emt 00:00:02]} Kg8 35. Nxe6 {[%clk 00:00:20]}
{[%emt 00:00:27]} Qxe6 {[%clk 00:01:01]} {[%emt 00:00:03]} 36. Qxe6 {[%clk
00:00:10]} {[%emt 00:00:11]} fxe6 {[%clk 00:01:02]} 37. f4 {[%clk 00:00:09]}
{[%emt 00:00:04]} c4 {[%clk 00:01:03]} {[%emt 00:00:01]} 38. Bd7 {[%clk
00:00:06]} {[%emt 00:00:04]} Kf7 {[%clk 00:01:04]} {[%emt 00:00:01]} 39. Ba4
{[%clk 00:00:06]} {[%emt 00:00:01]} h5 {[%clk 00:01:00]} {[%emt 00:00:06]} 40.
Kg2 {[%clk 00:00:07]} {[%emt 00:00:01]} Bc5 {[%clk 00:01:01]} 41. Kf3 {[%clk
00:00:08]} {[%emt 00:00:01]} c3 {[%clk 00:01:00]} {[%emt 00:00:03]} 42. Bc2
{[%clk 00:00:09]} {[%emt 00:00:01]} Ba3 {[%clk 00:00:58]} {[%emt 00:00:04]} 43.
g4 {[%clk 00:00:07]} {[%emt 00:00:04]} hxg4+ {[%clk 00:00:59]} {[%emt
00:00:01]} 44. hxg4 {[%clk 00:00:08]} {[%emt 00:00:01]} Bc1 {[%clk 00:01:00]}
{[%emt 00:00:01]} 45. Ke4 {[%clk 00:00:08]} {[%emt 00:00:02]} Bd2 {[%clk
00:01:00]} {[%emt 00:00:01]} 46. f5 {[%clk 00:00:07]} {[%emt 00:00:03]} gxf5+
{[%clk 00:01:01]} {[%emt 00:00:02]} 47. gxf5 {[%clk 00:00:08]} {[%emt
00:00:01]} exf5+ {[%clk 00:00:58]} {[%emt 00:00:05]} 48. Kxf5 {[%clk 00:00:09]}
{[%emt 00:00:01]} Ke7 {[%clk 00:01:00]} 49. e6 {[%clk 00:00:08]} {[%emt
00:00:03]} 1/2-1/2